Quizzes
Events
Quiz Creation
Community
Videos
Private Events
Remove Ads
Sign In
Join for FREE
Feedback
Dark Mode
Quiz Categories
Sports
Geography
Music
Movies
Television
Just For Fun
Miscellaneous
History
Literature
Language
Science
Gaming
Entertainment
Religion
Holiday
For Kids
Quiz Lab
Recent
Popular Today
Quiz Kudos Today
Editor Picks
Curator Picks
Quizzes by...
Day
Popularity
Type
Ratings
Length
Year
Community
Subscriptions
Recent Discussions
Orange Saloon
Badges
Playlists
Quests
Create
Leaderboards
Showdown
Live 5
Trivia Bingo
Activity
Puzzle Library
Sporcle Events
Private Events
Virtual Trivia
Globe League
Become a Host
Pub Owners
SporcleCon
Opinionation
Our Games
Videos
Blog
Mobile Apps
Partnerships
Remove Ads and Go Orange
Feedback
Geography
Country
Landmarks
City
State
Population
World
Capital
Continent
Flags
Europe
Africa
Asia
South America
North America
Oceania
Border
Canada
United Kingdom
Topography
United States
Geography
Country
Landmarks
City
State
Population
World
Capital
Continent
Flags
Europe
Africa
Asia
South America
North America
Oceania
Border
Canada
United Kingdom
Topography
United States
Random Quiz
Search Sporcle
×
Quiz Lab
Quiz Lab
Geography
Capital
Type in answers that appear in a list
Type in answers that appear in a list
Classic
Best Score? Go Orange.
U.S. Capital by Population Stats
Can you name the U.S. Capital by Population?
By
scottgentile
15m
50 Questions
332 Plays
332 Plays
332 Plays
Comments
Comments
Give Quiz Kudos
Give Quiz Kudos
-
- Ratings
hide this ad
Forced Order
Answers have to be entered in order
Answers have to be entered in order
Replay
Link that replays current quiz
Next Quiz
Link to next quiz in quiz playlist
You Got
0%
They Got
Avg Score
38%
Avg Friend Score
Upgrade to see
Score Distribution
Jump to the score distribution portion of the page
Score
0/50
Timer
15:00
0
Plays Today
Population
Capital
% Correct
1,512,986
Phoenix
91.3%
791,926
Indianapolis
76.8%
590,763
Boston
70.8%
709,893
Austin
68.4%
467,343
Sacramento
62.3%
733,203
Columbus
61.7%
486,411
Atlanta
56.9%
566,974
Denver
54.8%
377,357
Honolulu
52.1%
607,413
Nashville
51.8%
541,500
Oklahoma City
48.5%
8,035
Montpelier
44.6%
287,151
St Paul
44.3%
380,173
Raleigh
43.1%
224,097
Baton Rouge
41%
13,876
Pierre
38.9%
25,780
Helena
36.4%
30,987
Juneau
35.5%
221,551
Madison
35.2%
225,581
Lincoln
32.8%
18,560
Augusta
32.8%
209,124
Des Moines
31.9%
181,743
Salt Lake City
31.9%
32,135
Dover
31.9%
204,370
Little Rock
31.6%
Population
Capital
% Correct
195,251
Richmond
31.6%
201,287
Boise
31.3%
55,362
Cheyenne
31%
42,221
Concord
31%
27,741
Frankfort
30.4%
95,993
Albany
30.1%
184,256
Jackson
29.8%
200,127
Montgomery
29.5%
55,533
Bismarck
29.5%
36,217
Annapolis
29.5%
176,862
Providence
28.9%
168,979
Tallahassee
28.9%
39,636
Jefferson City
28.6%
124,397
Hartford
28.3%
119,128
Lansing
28.3%
122,327
Topeka
27.7%
116,482
Springfield
27.4%
149,305
Salem
27.4%
70,631
Santa Fe
27.4%
48,950
Harrisburg
27.4%
42,514
Olympia
27.1%
122,819
Columbia
26.5%
57,701
Carson City
26.5%
52,700
Charleston
25.6%
84,639
Trenton
22.9%
Quiz Playlist
Details
Report
Send in Message
Add To Playlist
Classic:
Type in answers that appear in a list
Forced Order:
Answers have to be entered in order
Quiz Source
Last Updated: Feb 16, 2017
Quiz Scoreboard
CHALLENGE
Sign Up to Join the Scoreboard
Show All
Scores
Hide
Comments
May contain spoilers
Recently Published
Street Fighter Characters
by Artimus82
Gaming
60s
9x9 Crossword: Cartoon Network
by jackfrog10
Miscellaneous
3m
College Basketball Coaching Resumes
by pancakes188
Sports
9m
More to Explore
Quiz From the Vault
Featured Blog Post
Where Did the Easter Bunny Come From?
hide this ad
You Might Also Like...
Tags
Capital Quiz
Population Quiz
US Capitals
Today's Top Quizzes in Geography
Browse Geography
hide this ad
Today's Top Quizzes in Capital
Browse Capital
Top Contributed Quizzes in Geography
1
Countries of the World - No Outlines Minefield
2
Top 25 Cities of France on a map
3
Any capital of a 'B' country per Continent
4
Any capital of a 'C' country per Continent
5
Closest Countries to UK A-Z
6
Any capital of a 'D' country per Continent
7
5-to-1: US Geography No Hints
8
Any capital of an 'E' country per Continent
9
Find the US States - No Outlines
10
Any capital of an 'F' country per Continent
Explore More
Trending Topics
Crossword
Marvel
NBA
Anime
Harry Potter
Kpop
Disney
Country
NFL
Puzzle
Song
Soccer
WWE
The Office
Pokémon
hide this ad
More By:
scottgentile
Quiz
Plays
Rating
Category
Featured
Created
Dallas Cowboys Career Stats Leaders
998
4.00
Sports
Oct 22, 2009
U.S. Capital by Population
332
5.00
Geography
Oct 22, 2009
Dallas Cowboy Ring of Honor Members
256
5.00
Sports
Oct 22, 2009
Go to Creator's Profile
Score Distribution
Quiz Creator Spotlight
scottgentile
Follow
Send a Message
Quizzes Created
-
Created Quiz Play Count
-
More By This Creator
Popular Quizzes Today
1
Find the US States - No Outlines Minefield
2
Find the Countries of Europe - No Outlines Minefield
3
The Countries of the World
4
Find the US States
5
Risky Map Clicking: Biggest States A-Z
6
US States
7
Popular People in 1961
8
Movies - When Are They Set?
More Geography Quizzes
200 Largest US Cities On a Map
Curator's Pick
Trending Quizzes
Risky Map Clicking: Least Populous States A-Z
1-10 Letter G Words
Risky Map Clicking: Next State Alphabetically
Adjectives in 80s TV Shows
The Seven Year Switch: Catherine
Recently Updated
Leaping Animals
pecheneg
Reality TV Shows (A-Z)
bhenderson79
Rickey Henderson's Hall of Fame Teammates
pecheneg
Champions League XIs: Arsenal
pecheneg
Quick Pick: Celebrities in WWE's Hall of Fame
aduchscher
A-Z Keypad Blitz II
pecheneg
Multiple Oscar Actors
pecheneg
Mystery Phrase Blitz: Oscar 'Best Actors'
pecheneg
F. Scott Fitzgerald Novels
LTH
Pick 3 Villains
ddd62291
Trending Topics
Anime
Disney
Harry Potter
Marvel
NBA
Kpop
Crossword
NFL
Song
Soccer
WWE
Pokémon
Puzzle
The Office
Country
Your Account Isn't Verified!
In order to create a playlist on Sporcle, you need to verify the email address you used during registration. Go to your
Sporcle Settings
to finish the process.
Report this User
Report this user for behavior that violates our
Community Guidelines
.
Details:
Send Report
Go to the Sporcle.com Mobile Site →
Comments